Sam Mendes Films - Statistics

General Stats
  • This quiz has been taken 39 times
    21 since last reset
  • The average score is 6 of 8
Answer Stats
Hint Answer % Correct
1999 American Beauty
94%
2019 1917
89%
2012 Skyfall
89%
2015 Spectre
89%
2008 Revolutionary Road
67%
2002 Road to Perdition
61%
2005 Jarhead
56%
2009 Away We Go
22%
No matching quizzes found
Score Distribution
Percent of People with Each Score
Percentile by Number Answered
Your Score History
You have not taken this quiz since the last reset